Sports Quiz

Random Sports or NFL Quiz

Super Bowl Career Touchdown Leaders Quiz Stats

Quiz not verified by Sporcle

Challenge
Share
Tweet
Embed
Score 0/21 Timer 05:00
0 Plays Today
% Correct
Joe Montana
99.2%
Tom Brady
99.2%
Brett Favre
98%
Steve Young
97.9%
Troy Aikman
97.7%
Jerry Rice
97.7%
Emmitt Smith
97.4%
Kurt Warner
97.2%
Terry Bradshaw
96.7%
Terrell Davis
93.3%
Roger Staubach
90%
% Correct
Russell Wilson
89.7%
Thurman Thomas
88.5%
Franco Harris
88.2%
Lynn Swann
83.9%
Doug Williams
78.3%
Jim Plunkett
66.3%
John Elway
61.9%
John Stallworth
58.5%
Antonio Freeman
58%
Cliff Branch
30.5%

You're not logged in!

Compare scores with friends on all Sporcle quizzes.
Join for Free
OR
Log In

You Might Also Like...

Show Comments

Extras

Top Quizzes Today


Score Distribution

Your Account Isn't Verified!

In order to create a playlist on Sporcle, you need to verify the email address you used during registration. Go to your Sporcle Settings to finish the process.

Report this User

Report this user for behavior that violates our Community Guidelines.

Details: